Normal view
MARC view
Entry Personal Name
001 - CONTROL NUMBER
- control field: 66650
003 - CONTROL NUMBER IDENTIFIER
- control field: dpl
005 - DATE AND TIME OF LATEST TRANSACTION
- control field: 20240521150742.0
008 - FIXED-LENGTH DATA ELEMENTS
- fixed length control field: 240521|| aca||aabn | a|a d
040 ## - CATALOGING SOURCE
- Original cataloging agency: dpl
- Transcribing agency: dpl
100 ## - HEADING--PERSONAL NAME
- Personal name: Roy, Stabak
670 ## - SOURCE DATA FOUND
- Source citation: Work cat.: (dpl)203111: Mitra, Saptarshi 66649, Traditional Tribal Weaving of Tripura/, 2022
